000 00732nam a2200289Ia 4500
001 12816
003 IT-RoPAU
008 130308s9999 xx 000 0 und d
040 _aIT-RoPAU
040 _cIT-RoPAU
041 _aITALIANO
100 _aGoux Jean-Joseph
100 _gCodice Aut. SPICS: 5905
245 _aSimbolo insensato (Il)
245 _bPsicanalisi e Semiotica
250 _a1a ed.
260 _aMILANO
260 _bFeltrinelli
260 _c1975 [1° Ed.:1975 - Ed.Ling.Originale:1974]
300 _a"9 p. (prefazione: no ; testo: 9 [pagine: 166-174])"
650 _aSAGGI DI PSICOLOGIA
650 _eCodice materia Spics: 3607
942 _cBK
957 _71
999 _c42445
_d42445
999 _bSI
999 _g1